000
00327 a2200121 4500
001
ART_12993
005
20260410161735.0
008
260409a
245
1
0
_a
Agentina
100
1
_a
Szewach, Enrique
700
1
_a
Botana, Natalio
773
0
_t
Ejecutivos de finanzas
_g
- Año 8, Nº 73 (feb. 1991)
_w
REV2863
999
_c
18181
_d
18181